| 000 | 00916cam a2200217 4500 | ||
|---|---|---|---|
| 001 | WS110471 | ||
| 008 | 000000n 000 0 eng u | ||
| 035 | _a(Sirsi) u110471 | ||
| 110 | _aTimber Research and Development Association | ||
| 245 | _aTRADA : Timber Research and Development Association | ||
| 520 | _aSite for this organisation which describes itself as a 'centre of excellence on the specification and use of timber and wood products'. Includes a searchable list of members, news, a database of articles on timber, a glossary of terms and an index of research projects. | ||
| 650 | _aBUILT ENVIRONMENT-BUILDING INSPECTION | ||
| 650 | _aORGANISATION | ||
| 650 | _aTIMBER | ||
| 650 | _aGLOSSARY | ||
| 650 | _aRESEARCH | ||
| 650 | _aWOOD | ||
| 690 | _aBUILT ENVIRONMENT-BUILDING MATERIALS | ||
| 856 | 4 | 0 |
_uhttps://www.trada.co.uk _zView the website free of charge at www.trada.co.uk... |
| 942 | _n0 | ||
| 999 |
_c119755 _d119755 |
||